000 00387nam a2200181Ia 4500
008 090124s9999 xx 000 0 und d
082 _b111887
100 _aGREEN CELIA
245 _aLUCID DREAMS
250 _a1
260 _c1968
300 _a194
600 _aGREEN CELIA
630 _aLUCID DREAMS
700 _aGREEN CELIA
730 _aLUCID DREAMS
942 _cBOOK
999 _c157978
_d157978